A Marketing újragondolása a közösségi média népszerűségének hatására

Bibliográfiai részletek
Szerző: Busa Tamás
További közreműködők: Kopcsay Dr. László
Dokumentumtípus: Diplomadolgozat
Kulcsszavak:Marketing
Online Access:http://dolgozattar.uni-bge.hu/2250

MARC

LEADER 00000nta a2200000 i 4500
001 dolg2250
005 20160211131949.0
008 160211suuuu hu om 000 hun d
040 |a BGE Dolgozattár Repozitórium  |b hun 
041 |a hu 
100 1 |a Busa Tamás 
245 1 2 |a A Marketing újragondolása a közösségi média népszerűségének hatására  |c Busa Tamás  |h [elektronikus dokumentum] 
246 1 1 |a A Marketing újragondolása a közösségi média népszerűségének hatására 
695 |a Marketing  
700 1 |a Kopcsay Dr. László  |e ths 
856 4 0 |u http://dolgozattar.uni-bge.hu/2250/1/Busa%20Tam%C3%A1s-%20Szakdolgozat%20_FIN.docx  |z Dokumentum-elérés